Logos Through the Ages: Adidas Quiz Stats

 Plays Quiz Updated Feb 19, 2019

     
Support Sporcle.
Go Orange.
Score 0/7 Timer 02:00
6 Plays Today
% Correct
???
98%
???
94.2%
???
74.9%
???
63.4%
???
58.8%
???
21.8%
???
17.6%

From the Vault

Draw a Pixel Picture II

by vikZ

Let's draw (sort of)!
Remove Ads.
Support Sporcle.
Get the best of Sporcle when you Go Orange. This ad-free experience offers more features, more stats, and more fun while also helping to support Sporcle. Thank you for becoming a member.

Show Comments

Extras

Top Quizzes Today


Score Distribution

Your Account Isn't Verified!

In order to create a playlist on Sporcle, you need to verify the email address you used during registration. Go to your Sporcle Settings to finish the process.

Report this User

Report this user for behavior that violates our Community Guidelines.

Details: